00822nam a2200217 a 450000500170000000800410001702000180005805000270007610000250010324500540012826000570018230000220023950000480026152000850030965000300039465000100042465000090043465000250044399900190046895201170048720140412111238.0010425s19uu xx 00 eng d a0-8120-3565-8 aTR(GS 612.86bSm3 1985 aParramon, Jose Maria aThe five senses: smell /cby Jose Maria Parramon. aNew York :bBarron's Educational Series, Inc,c1985. a1v. (unp.) ; ill. aTranslationof: Los cinco sentidos-el olfato aA short scientific explanation of our sense of smell, with a diagramof the nose. aSmell-Juvenile literature aSmell aNose aSenses and sensation c102544d102544 001040aELbELcTRd2001-04-25eLib. Fundl0oTR(GS 612.86 Sm3 1985pE2013r2014-04-12 00:00:00w2014-04-12yBK